|
|
|
|
| LEADER |
00000nab a2200000 a 4500 |
| 001 |
vtls000259828 |
| 003 |
SK-MaSNL |
| 005 |
20260305022013.0 |
| 008 |
250422c1985 xo 0 slo |
| 015 |
|
|
|a SNBRB19rr/mm-uuuuu
|
| 035 |
|
|
|a CL0269942
|
| 035 |
|
|
|a (urnnbn)urn:nbn:sk:snk:ar-004s8e
|
| 035 |
|
|
|a (uuid)f4887f9b-f3dd-42c1-b1c7-b4c1fb246abb
|
| 035 |
|
|
|a urn:nbn:sk:snk-ab7x30
|
| 040 |
|
|
|a SNKBUCL
|b slo
|c SNKBUCL
|e AACR2
|
| 041 |
0 |
|
|a cze
|
| 044 |
|
|
|a xo
|c SK
|
| 080 |
|
|
|a 911.37(091):930.2
|2 1981
|
| 080 |
|
|
|a 930.2
|2 1981
|
| 100 |
1 |
|
|a Bartoš, Josef,
|d 1931-2005
|4 aut
|9 98644
|
| 245 |
1 |
0 |
|a Metodologické a metodické problémy dejín obcí
|c Josef Bartoš
|
| 300 |
|
|
|b Res. angl., lit. 29 zázn. v češ., ruš., nem.
|
| 650 |
0 |
7 |
|a obce
|2 snkbucl
|9 2935
|
| 650 |
0 |
7 |
|a historiografia
|2 snkbucl
|9 3848
|
| 655 |
|
7 |
|a články z novín a časopisov
|2 snkbucl
|9 267496
|
| 773 |
0 |
|
|t Historický časopis
|g Roč. 33, č. 5 (1985), s. 727-740
|
| 850 |
|
|
|a Slovenská národná knižnica
|
| 852 |
|
|
|a Slovenská národná knižnica
|
| 954 |
|
|
|a odborná, vedecká literatúra cudzojazyčná (svetová)
|2 lita
|
| 954 |
|
|
|a odborná, vedecká literatúra pôvodná (slovenská)
|2 lita
|
| 958 |
|
|
|a article9
|
| 958 |
|
|
|a OND
|
| 958 |
|
|
|a NB
|
| 958 |
|
|
|a RK
|
| 958 |
|
|
|a CZ
|
| 958 |
|
|
|a EUIPO
|
| 992 |
|
|
|a RBX
|
| 999 |
|
|
|c 3288564
|d 3290494
|